000 00786nam a22002657a 4500
005 20160801152746.0
008 160801b xxu||||| |||| 00| 0 spa d
020 _a9303013
040 _aCO-BoIAVH
_cCO-BoIAVH
041 _aspa
044 _ack
082 _a333.72
_bM72s
100 _aMolina, Luis Fernando
245 1 0 _aSanta fe de Bogotá
_bGuía Ambiental
260 _aBogotá:
_bS.I,
_c1992.
300 _a103 Paginas
_c18 x 10 cm
650 1 4 _aContaminación
_zBogotá
650 1 4 _aOxigenación
_zBogotá
650 1 4 _aFauna
_zBogotá
650 1 4 _aRecursos Naturales
_zBogotá
650 1 4 _aBiodiversidad
_zBogotá
700 _aSanchez, Gabriel Jaime
700 _aGonzales, Mauricio
942 _2ddc
_cLIBRO
999 _c18946
_d18946